000 00415nam a22001697a 4500
005 20160528114413.0
008 160528b xxu||||| |||| 00| 0 eng d
020 _a81-8054-467-2
041 _aeng
082 _b5770
100 _aVarshey, R.L. & other
_91444
245 _aInternational Marketing Mgt.
260 _aNew Delhi
_bSultan Chand & Sons,
300 _a524
650 _aManagement
_9241
942 _cBK
999 _c2044
_d2043